アニメに出てくる部活動クイズ - Statistics

General Stats
  • This quiz has been taken 199 times
    133 since last reset
  • The average score is 5 of 20
Answer Stats
作品名 部活名 % Correct
けいおん! 軽音部
88%
響け!ユーフォニアム 吹奏楽部
72%
アオのハコ バドミントン部
44%
しかのこのこのここしたんたん シカ部
40%
ちはやふる 競技かるた部
39%
涼宮ハルヒの憂鬱 SOS団
38%
ゆるキャン△ 野外活動サークル
31%
氷菓 古典部
26%
負けヒロインが多すぎる! 文芸部
24%
恋する小惑星 地学部
20%
がっこうぐらし! 学園生活部
19%
日常 囲碁サッカー部
19%
mono シネフォト部
15%
GJ部 (答え方注意) ぐっじょぶ
13%
ゆるゆり ごらく部
12%
ゆゆ式 情報処理部
11%
魔入りました!入間くん 魔具研究師団
6%
ラブライブ! アイドル研究部
6%
中二病でも恋がしたい! 極東魔術昼寝結社の夏
4%
星屑テレパス ロケット研究同好会
4%
No matching quizzes found
Score Distribution
Percent of People with Each Score
Percentile by Number Answered
Your Score History
You have not taken this quiz since the last reset